Catálogo
 En Linea

Joaquín Balaguer y su incidencia en la historia dominicana / (Registro nro. 28374)

Detalles MARC
000 -CABECERA
campo de control de longitud fija 01146nam a2200265 a 4500
001 - NÚMERO DE CONTROL
campo de control 000028882
003 - IDENTIFICADOR DEL NÚMERO DE CONTROL
campo de control DO-SdBNP
005 - FECHA Y HORA DE LA ÚLTIMA TRANSACCIÓN
campo de control 20250621074008.0
008 - DATOS DE LONGITUD FIJA--INFORMACIÓN GENERAL
campo de control de longitud fija 110412s2006 dr ac 000 0dspa d
040 ## - FUENTE DE LA CATALOGACIÓN
Centro catalogador/agencia de origen DO-SdBNP
Lengua de catalogación sap
Centro/agencia transcriptor BNPHU
049 ## - FONDOS LOCALES (OCLC)
Fondos de biblioteca BNPD
082 ## - NÚMERO DE LA CLASIFICACIÓN DECIMAL DEWEY
Número de clasificación F-RD 101
100 ## - ENTRADA PRINCIPAL--NOMBRE DE PERSONA
Nombre de persona Bisonó Haza, Víctor O.,
Fechas asociadas al nombre 1963-
9 (RLIN) 55852
245 10 - MENCIÓN DE TÍTULO
Título Joaquín Balaguer y su incidencia en la historia dominicana /
Mención de responsabilidad, etc. Víctor O. Bisonó Haza.
260 ## - PUBLICACIÓN, DISTRIBUCIÓN, ETC.
Lugar de publicación, distribución, etc. Santo Domingo :
Nombre del editor, distribuidor, etc. Fundación Joaquín Balaguer,
Fecha de publicación, distribución, etc. 2006.
300 ## - DESCRIPCIÓN FÍSICA
Extensión 33 p. :
Otras características físicas il., retrs. ;
Dimensiones 22 cm.
500 ## - NOTA GENERAL
Nota general Conferencia dictada por el Lic. Víctor O. Bisonó Haza el día 8 de junio de 2006, Universidad Católica Santo Domingo.
500 ## - NOTA GENERAL
Nota general Ciclo de conferencias organizado por la Fundación Joaquín Balaguer con motivo del primer centenario del natalicio del doctor Joaquín Balaguer.
600 10 - PUNTO DE ACCESO ADICIONAL DE MATERIA--NOMBRE DE PERSONA
Nombre de persona Balaguer, Joaquín,
Fechas asociadas al nombre 1906-2002
9 (RLIN) 76556
651 14 - PUNTO DE ACCESO ADICIONAL DE MATERIA--NOMBRE GEOGRÁFICO
Nombre geográfico República Dominicana
Subdivisión general Historia
Subdivisión cronológica Siglo XX
9 (RLIN) 9490
651 10 - PUNTO DE ACCESO ADICIONAL DE MATERIA--NOMBRE GEOGRÁFICO
Nombre geográfico República Dominicana
Subdivisión general Política y gobierno
9 (RLIN) 45
710 22 - PUNTO DE ACCESO ADICIONAL--NOMBRE DE ENTIDAD CORPORATIVA
Nombre de entidad corporativa o nombre de jurisdicción como elemento de entrada Fundación Joaquín Balaguer
9 (RLIN) 436
910 ## - DATOS DE OPCIÓN DEL USUARIO (OCLC)
Datos de opción del usuario Validado. Control de calidad EMS
942 ## - ELEMENTOS DE PUNTO DE ACCESO ADICIONAL (KOHA)
Fuente del sistema de clasificación o colocación Dewey Decimal Classification
Tipo de ítem Koha Libros y folletos
Existencias
Estado de retiro Estado de pérdida Restricciones de uso No para préstamo Código de colección Localización permanente Ubicación/localización actual Ubicación en estantería Fecha de adquisición Número de inventario Total de préstamos Signatura topográfica completa Código de barras Fecha visto por última vez Número de copia Precio válido a partir de Tipo de ítem Koha
        Dominicana de Servicio General General Depósito 12.04.2011 LF1   F-RD 101 28882-30 25.06.2020 e. 3 25.06.2020 Libro y Folleto Colección Dominicana de Servicio
      Excluido de préstamo Patrimonio Dominicano Patrimonio Dominicano Patrimonio Dominicano Depósito 12.04.2011 LF1   F-RD 101 28882-10 25.06.2020   25.06.2020 Libro y Folleto Colección Patrimonio Dominicano
      Excluido de préstamo Patrimonio Dominicano Patrimonio Dominicano Patrimonio Dominicano Depósito 12.04.2011 LF1   F-RD 101 28882-20 25.06.2020 e. 2 25.06.2020 Libro y Folleto Colección Patrimonio Dominicano

Con tecnología Koha